[Event "ENG-ch Schools"]
[Site "Nottingham"]
[Date "2025.06.26"]
[Round "5.3"]
[White "Agrawal, Ansh"]
[Black "Chen, Jack"]
[Result "1-0"]
[WhiteElo "1633"]
[BlackElo "1460"]
[PlyCount "78"]
[EventDate "2025.06.25"]
[EventType "team-swiss"]
[EventRounds "6"]
[EventCountry "ENG"]
[SourceTitle "CB27_2025"]
[SourceDate "2025.07.02"]
[SourceVersion "1"]
[SourceVersionDate "2025.07.02"]
[SourceQuality "1"]
[WhiteTeam "King Edward"]
[BlackTeam "Exeter Maths"]
[WhiteTeamCountry "ENG"]
[BlackTeamCountry "ENG"]

1. e4 d6 2. f4 Nf6 3. Nc3 c6 4. d4 Qa5 5. e5 Ne4 6. Bd2 Nxc3 7. Bxc3 Qb6 8. Nf3 Bf5 9. Qe2 e6 10. h3 h5 11. Nh4 g6 12. Nxf5 gxf5 13. exd6 Bxd6 14. d5 Rh6 15. Bg7 Rg6 16. Be5 Bxe5 17. Qxe5 Ke7 18. 0-0-0 cxd5 19. Rxd5 Nd7 20. Qe1 Rc8 21. Bb5 Rxg2 22. Rxd7+ Kf8 23. Bd3 Ke8 24. Qf1 Rf2 25. Qd1 Kxd7 26. Bxf5+ Ke7 27. Bd3 Qe3+ 28. Kb1 Rxf4 29. Qxh5 Qd2 30. Rd1 Qf2 31. Qg5+ Kf8 32. Qh6+ Ke7 33. Qg5+ Kf8 34. a3 Qh4 35. Qb5 Qxh3 36. Qxb7 e5 37. Rh1 Rc7 38. Qb8+ Rc8 39. Qd6+ Ke8 1-0